[Event "Brasilia Almeida Vas Memorial 16th"]
[Site "Brasilia"]
[Date "2012.03.04"]
[Round "7"]
[White "De Queiroz, Glauber Pimentel"]
[Black "Alves Do Nascimento, Pedro Hen"]
[Result "1-0"]
[WhiteElo "1815"]
[BlackElo "1691"]
[PlyCount "63"]
[EventDate "2012.02.27"]
[EventType "swiss"]
[EventRounds "7"]
[EventCountry "BRA"]
[SourceTitle "CBM 147 Extra"]
[Source "ChessBase"]
[SourceDate "2012.04.24"]
[SourceVersion "1"]
[SourceVersionDate "2012.04.24"]
[SourceQuality "1"]

1. Nf3 f5 2. b3 d6 3. Bb2 e5 4. d3 Nf6 5. g3 Be7 6. Bg2 0-0 7. Nbd2 Qe8 8. e3 Nc6 9. h3 b6 10. Nh4 f4 11. exf4 exf4 12. Qe2 fxg3 13. 0-0-0 gxf2 14. Bxf6 Rxf6 15. Bxc6 Qxc6 16. Qxe7 Be6 17. Ne4 Rh6 18. Qg5 Rf8 19. Rdf1 Kh8 20. Rh2 d5 21. Rg2 Qd7 22. Rfxf2 Rg8 23. Nd2 Bxh3 24. Rg3 Re6 25. Ndf3 h6 26. Rxh3 Re1+ 27. Nxe1 Qxh3 28. Qf4 Qe6 29. Nhf3 Qe7 30. Qe5 Qc5 31. Rh2 Qa3+ 32. Kb1 1-0

[Event "Brasilia Almeida Vas Memorial 16th"]
[Site "Brasilia"]
[Date "2012.02.29"]
[Round "3"]
[White "Barbalho, Gislaine Santos"]
[Black "Alves Do Nascimento, Pedro Hen"]
[Result "0-1"]
[WhiteElo "1631"]
[BlackElo "1691"]
[PlyCount "114"]
[EventDate "2012.02.27"]
[EventType "swiss"]
[EventRounds "7"]
[EventCountry "BRA"]
[SourceTitle "CBM 147 Extra"]
[Source "ChessBase"]
[SourceDate "2012.04.24"]
[SourceVersion "1"]
[SourceVersionDate "2012.04.24"]
[SourceQuality "1"]

1. e4 c5 2. Nf3 d6 3. d4 cxd4 4. Nxd4 Nf6 5. Nc3 g6 6. f3 Bg7 7. Be3 0-0 8. Qd2 Nc6 9. Nb3 a5 10. g4 Ne5 11. Be2 b6 12. h4 Ba6 13. 0-0-0 Bxe2 14. Qxe2 a4 15. Nd4 a3 16. b3 Rc8 17. Ncb5 h5 18. gxh5 Nxh5 19. Nxa3 Ng3 20. Qd2 Nxh1 21. Rxh1 Nc6 22. h5 Nxd4 23. Bxd4 Bxd4 24. Qxd4 e5 25. Qe3 Qf6 26. Nc4 Rxc4 27. bxc4 Qf4 28. Qxf4 exf4 29. Rg1 Kh7 30. hxg6+ fxg6 31. Kd2 Rc8 32. Kd3 Ra8 33. Rg4 Rf8 34. Rg5 Ra8 35. Rg4 Rf8 36. Rg5 Ra8 37. Rd5 Ra3+ 38. Ke2 Rxa2 39. Kd2 Ra3 40. c3 Ra2+ 41. Kd3 Ra1 42. Ke2 Ra2+ 43. Kd3 Rf2 44. Rxd6 Rxf3+ 45. Kd4 g5 46. Rxb6 g4 47. Rf6 g3 48. e5 g2 49. Rf7+ Kg6 50. Rf8 g1Q+ 51. Kd5 Rd3+ 52. Kc6 Qg2+ 53. Kc7 Kg7 54. Rxf4 Rxc3 55. Rd4 Qg3 56. Re4 Kf7 57. Kd7 Qd3+ 0-1